000 01197nam a2200253Ia 4500
999 _c5702
_d5702
003 OSt
005 20200519161837.0
008 191128s1978 ck gr 000 0dspa d
040 _aCO-JMCR
_cCO-JMCR
041 0 _aspa
082 0 4 _a318 .61 /
_bV649h
_223
100 1 _aVidales, Luis,
_eautor
_94516
245 1 0 _aHistoria de la estadística en Colombia /
_cLuis Vidales ; colaboradores José Luis Díaz Granados, Alfredo Leguízamo Motta
250 _aPrimera edición
260 _aBogotá :
_bDepartamento Administrativo Nacional de Estadísitica,
_c1978
300 _a594 páginas
_c27 cm.
500 _aIncluye datos biográficos del autor en la contra portada.
504 _aBibliografía páginas 589-594.
505 _aLa estadística precolombiana -- La estadística durante la colonia española -- El siglo XIX en el haber estadístico del país -- Colombia estadística en las tres primeras décadas del siglo XX -- Los sucesos estadísticos en Colombia en el período 1930-1951
650 _aEstadística
_xHistoria
_zColombia
_94517
700 1 _aDíaz Granados, José Luis,
_ecolaborador
_94518
700 1 _aLeguízamo Motta, Alfredo,
_ecolaborador
_94519
942 _2ddc
_cBK